Corporate social responsibility (Record no. 50)
[ view plain ]
| 000 -LEADER | |
|---|---|
| fixed length control field | 00494 a2200169 4500 |
| 001 - CONTROL NUMBER | |
| control field | 001747 |
| 003 - CONTROL NUMBER IDENTIFIER | |
| control field | OSt |
| 005 - DATE AND TIME OF LATEST TRANSACTION | |
| control field | 20211210174051.0 |
| 008 - FIXED-LENGTH DATA ELEMENTS--GENERAL INFORMATION | |
| fixed length control field | |
| 082 ## - DEWEY DECIMAL CLASSIFICATION NUMBER | |
| Classification number | 658.408 |
| Item number | C81C |
| 245 1# - TITLE STATEMENT | |
| Title | Corporate social responsibility |
| Statement of responsibility, etc | edited by R.K. Narang |
| 260 ## - PUBLICATION, DISTRIBUTION, ETC. (IMPRINT) | |
| Place of publication, distribution, etc | New Delhi |
| Name of publisher, distributor, etc | Terri Pub. |
| Date of publication, distribution, etc | 2009 |
| 300 ## - PHYSICAL DESCRIPTION | |
| Extent | 374p. |
| 653 ## - INDEX TERM--UNCONTROLLED | |
| Uncontrolled term | Industrial management--Environmental aspects; Industrial management--Social aspects |
| 700 ## - ADDED ENTRY--PERSONAL NAME | |
| Personal name | Narang, R.K. |
| Relator term | Editor |
| 942 ## - ADDED ENTRY ELEMENTS (KOHA) | |
| Source of classification or shelving scheme | Dewey Decimal Classification |
| Koha item type | Books |
| Withdrawn status | Lost status | Source of classification or shelving scheme | Damaged status | Not for loan | Collection code | Home library | Current library | Date acquired | Source of acquisition | Cost, normal purchase price | Full call number | Barcode | Date last seen | Price effective from | Koha item type |
|---|---|---|---|---|---|---|---|---|---|---|---|---|---|---|---|
| Dewey Decimal Classification | General Text Book | Central University Of Rajasthan | Central University Of Rajasthan | 28/09/2010 | ECO | 450.00 | 658.408 C81C | 1739 | 21/11/2024 | 02/09/2020 | Books |
